[Event "Wch Blitz 9th"]
[Site "Berlin"]
[Date "2015.10.14"]
[Round "14"]
[White "Socko, Bartosz"]
[Black "Ivanchuk, Vassily"]
[Result "1/2-1/2"]
[WhiteElo "2599"]
[BlackElo "2726"]
[PlyCount "102"]
[EventDate "2015.10.13"]
[EventType "swiss (blitz)"]
[EventRounds "21"]
[EventCountry "GER"]
[SourceTitle "CBM 168 Extra"]
[Source "ChessBase"]
[SourceDate "2015.10.29"]
[SourceVersion "1"]
[SourceVersionDate "2015.10.29"]
[SourceQuality "1"]

1. e4 e6 2. d4 d5 3. Nd2 c5 4. exd5 exd5 5. Ngf3 a6 6. Be2 c4 7. b3 cxb3 8.
axb3 Bd6 9. c4 Ne7 10. O-O Nbc6 11. Re1 O-O 12. Nf1 h6 13. Ne3 Be6 14. Ba3 Re8
15. Qd2 Bf4 16. g3 Bc7 17. Bf1 Qd7 18. Bxe7 Rxe7 19. Bg2 Ree8 20. Qc3 Rad8 21.
Red1 Ne7 22. c5 Nc6 23. b4 Bh3 24. Re1 Bxg2 25. Kxg2 Re4 26. Reb1 Na7 27. Qd3
Nb5 28. Rd1 f5 29. Nc2 f4 30. Nd2 Re6 31. Re1 Rde8 32. Rxe6 Rxe6 33. Re1 Rxe1
34. Nxe1 Qe6 35. Nef3 Kf7 36. Nb1 Qe4 37. Qd1 fxg3 38. hxg3 g5 39. Nbd2 Qd3 40.
Qb3 Qxb3 41. Nxb3 Ke6 42. Nh2 h5 43. Nf1 Nc3 44. Ne3 g4 45. Kf1 Ne4 46. Ke2
Nc3+ 47. Kd3 Nb5 48. Ng2 Bb8 49. Nc1 Bc7 50. Ne2 Kf5 51. Nef4 Bxf4 1/2-1/2

[Event "EU-Cup 31st"]
[Site "Skopje"]
[Date "2015.10.18"]
[Round "1.1"]
[White "Hunt, Adam"]
[Black "Ivanchuk, Vassily"]
[Result "1/2-1/2"]
[WhiteElo "2421"]
[BlackElo "2726"]
[Annotator "Schulz,Andre"]
[PlyCount "52"]
[EventDate "2015.10.18"]
[EventType "team-swiss"]
[EventRounds "7"]
[EventCountry "MKD"]
[SourceTitle "CBM 169"]
[Source "ChessBase"]
[SourceDate "2015.11.10"]
[SourceVersion "1"]
[SourceVersionDate "2015.11.10"]
[SourceQuality "1"]
[WhiteTeam "Blackthorne Russia"]
[BlackTeam "Alkaloid"]
[WhiteTeamCountry "ENG"]
[BlackTeamCountry "MKD"]

1. e4 c6 2. d4 d5 3. exd5 cxd5 4. c4 Nf6 5. Nc3 e6 6. Nf3 Bb4 7. cxd5 Nxd5 8.
Bd2 O-O 9. Bd3 Nc6 10. O-O Be7 11. Re1 Bf6 12. Ne4 Bxd4 13. Neg5 g6 14. Nxd4
Nxd4 {[#]} 15. Nxh7 $1 {Das ist eine Remiskombination - gegen einen
Weltklassespieler wie Ivanchuk sicher ein Erfolg.} (15. h4 Qf6 16. Bc4 Nc6 17.
Ne4 Qg7 18. Qc1 Rd8 19. Bg5 f6 20. Bxd5 fxg5 21. Bxc6 bxc6 22. hxg5 Bd7 23. Qc5
Qf8 24. Nf6+ Kf7 25. Qe5 Qe7 26. Re4 {1-0 (26) Tate,A (2234)-Nelson,O (2063)
London 2010}) 15... Kxh7 16. Qh5+ Kg8 (16... Kg7 $2 17. Bh6+) 17. Bxg6 Nf6 (
17... fxg6 18. Qxg6+ Kh8 19. Qh6+ {Remis durch Dauerschach.} (19. Re5 $2 Nf5
$19)) 18. Qh6 {Wenn Schwarz nicht auf g6 nimmt, kommt er in Schwierigkeiten
nach Te4 usw.} fxg6 19. Qxg6+ Kh8 20. Bc3 ({Oder auch} 20. Re4 Nf5 (20... Nxe4
21. Qh6+ Kg8 $11) 21. Bc3 Bd7 22. Re3 Nxe3 23. Qh6+ Kg8 24. Qg6+ $11) 20...
Nf3+ 21. Kh1 (21. gxf3 $4 Rg8 $19 {Haha.}) 21... Nxe1 {Der Gewinn des Turms
ändert jedoch nicht den Stand der Gesamtsituation...} 22. Qh6+ Kg8 23. Qg6+
Kh8 24. Qh6+ Kg8 25. Qg6+ Kh8 26. Qh6+ Kg8 1/2-1/2

[Event "EU-chT (Men) 20th"]
[Site "Reykjavik"]
[Date "2015.11.22"]
[Round "9.1"]
[White "Bologan, Viktor"]
[Black "Ivanchuk, Vassily"]
[Result "1-0"]
[WhiteElo "2630"]
[BlackElo "2720"]
[PlyCount "37"]
[EventDate "2015.11.13"]
[EventType "team-swiss"]
[EventRounds "9"]
[EventCountry "ISL"]
[SourceTitle "CBM 170"]
[Source "ChessBase"]
[SourceDate "2016.01.15"]
[SourceVersion "1"]
[SourceVersionDate "2016.01.15"]
[SourceQuality "1"]
[WhiteTeam "Moldova"]
[BlackTeam "Ukraine"]
[WhiteTeamCountry "MDA"]
[BlackTeamCountry "UKR"]
[WhiteClock "0:41:59"]
[BlackClock "1:23:04"]

1. e4 e5 2. Nf3 Nf6 3. Nxe5 d6 4. Nf3 Nxe4 5. Nc3 Nxc3 6. dxc3 Be7 7. Be3 Nc6
8. Qd2 O-O 9. O-O-O Bf5 10. h3 Qd7 11. Bd3 Rae8 12. Rhe1 Bxd3 13. Qxd3 Bf6 14.
Qb5 Qc8 15. g4 a6 16. Qf1 b5 17. Qg2 Qa8 18. g5 Bd8 $4 (18... Be5 $13) 19. Nd4
1-0

[Event "China Elite Mind blitz"]
[Site "Huaian"]
[Date "2016.02.29"]
[Round "18"]
[White "Ivanchuk, Vassily"]
[Black "Wang, Yue"]
[Result "0-1"]
[WhiteElo "2710"]
[BlackElo "2718"]
[PlyCount "162"]
[EventDate "2016.02.28"]
[EventType "tourn (blitz)"]
[EventRounds "30"]
[EventCountry "CHN"]
[EventCategory "19"]
[SourceTitle "CBM 171 Extra"]
[Source "ChessBase"]
[SourceDate "2016.04.26"]
[SourceVersion "1"]
[SourceVersionDate "2016.04.26"]
[SourceQuality "1"]

1. c4 Nf6 2. Nc3 e6 3. e4 d5 4. e5 d4 5. exf6 dxc3 6. bxc3 Qxf6 7. Nf3 b6 8. d4
Bb7 9. Bd3 h6 10. Qe2 Nd7 11. Be4 Bxe4 12. Qxe4 Rb8 13. a4 Bd6 14. a5 O-O 15.
O-O Qd8 16. Rd1 Nf6 17. Qe2 Qe7 18. Ne5 Bxe5 19. dxe5 Nd7 20. Ba3 Nc5 21. Qe3
Rfd8 22. Rd4 Qg5 23. Bxc5 bxc5 24. Rxd8+ Rxd8 25. Qxc5 Qd2 26. Rf1 Qxc3 27.
Qxc7 Rd4 28. Qb8+ Kh7 29. Qxa7 Rxc4 30. Qxf7 Qxe5 31. a6 Ra4 32. Qb7 Qa5 33.
Qb1+ Kg8 34. Rd1 Qxa6 35. g3 Qc8 36. Rd6 Ra6 37. Rd4 Qa8 38. Rd1 Qe8 39. Qe4
Ra4 40. Qe5 Ra8 41. Rd6 Kf7 42. Rb6 Rd8 43. h4 Qe7 44. Qe4 Rd5 45. h5 Rd8 46.
Qg6+ Kg8 47. Rxe6 Qf7 48. Qg4 Rf8 49. Re2 Qf5 50. Qc4+ Kh8 51. g4 Qf3 52. Qe4
Qh3 53. Rd2 Qh4 54. Kg2 Qg5 55. Rc2 Qh4 56. f3 Rd8 57. Re2 Qf6 58. Qe3 Rf8 59.
Kg3 Qd6+ 60. Kg2 Qf6 61. Rc2 Qd6 62. Rb2 Qf6 63. Ra2 Qf7 64. Qe2 Qf4 65. Rc2
Rd8 66. Qf2 Kh7 67. Re2 Kh8 68. Re4 Qf6 69. Qe2 Qf7 70. Re7 Qf8 71. Qe4 Rd2+
72. Kh3 Rd8 73. f4 Rb8 74. Kg3 Rb3+ 75. Kg2 Rb2+ 76. Kf1 Rb8 77. Re5 Qc8 78.
Rd5 Qc1+ 79. Ke2 Rb2+ 80. Kf3 Qh1+ 81. Ke3 Re2+ 0-1

[Event "China Elite Mind blitz"]
[Site "Huaian"]
[Date "2016.03.01"]
[Round "22"]
[White "Movsesian, Sergei"]
[Black "Ivanchuk, Vassily"]
[Result "1-0"]
[WhiteElo "2653"]
[BlackElo "2710"]
[PlyCount "108"]
[EventDate "2016.02.28"]
[EventType "tourn (blitz)"]
[EventRounds "30"]
[EventCountry "CHN"]
[EventCategory "19"]
[SourceTitle "CBM 171 Extra"]
[Source "ChessBase"]
[SourceDate "2016.04.26"]
[SourceVersion "1"]
[SourceVersionDate "2016.04.26"]
[SourceQuality "1"]

1. e4 c5 2. Nf3 Nc6 3. Nc3 g6 4. d4 cxd4 5. Nxd4 Bg7 6. Nde2 d6 7. g3 Bg4 8.
Bg2 Bxc3+ 9. bxc3 Nf6 10. Bh6 Qa5 11. Bg7 Bxe2 12. Kxe2 Rg8 13. Bxf6 exf6 14.
Qd2 O-O-O 15. Rhd1 Rge8 16. Kf1 Re5 17. Kg1 Rc5 18. Qh6 Qxc3 19. Qg7 Qe5 20.
Qxf7 Qe7 21. Qb3 Kb8 22. Rab1 Rd7 23. h3 Na5 24. Qa4 Rdc7 25. Rd4 Nc6 26. Rd2
Ne5 27. Kh2 Rc4 28. Qb5 R4c5 29. Qe2 Rc3 30. Rb3 a6 31. f4 Nd7 32. Rb2 Ka7 33.
Qf2+ R3c5 34. Qd4 R7c6 35. e5 fxe5 36. fxe5 Nxe5 37. Re2 Rc7 38. Qb4 Rb5 39.
Qd4+ Rcc5 40. Rxb5 axb5 41. a4 bxa4 42. Qxa4+ Kb8 43. c3 Qc7 44. Ra2 Qb6 45.
Qe8+ Rc8 46. Qa4 Nc6 47. Qa3 Qc5 48. Qb3 Rc7 49. Re2 Ne5 50. Rb2 Nc6 51. Qg8+
Ka7 52. Ra2+ Kb6 53. Qb3+ Qb5 54. Qa3 Qa5 1-0

[Event "China Elite Mind blitz"]
[Site "Huaian"]
[Date "2016.03.01"]
[Round "23"]
[White "Ivanchuk, Vassily"]
[Black "Wojtaszek, Radoslaw"]
[Result "1-0"]
[WhiteElo "2710"]
[BlackElo "2727"]
[PlyCount "129"]
[EventDate "2016.02.28"]
[EventType "tourn (blitz)"]
[EventRounds "30"]
[EventCountry "CHN"]
[EventCategory "19"]
[SourceTitle "CBM 171 Extra"]
[Source "ChessBase"]
[SourceDate "2016.04.26"]
[SourceVersion "1"]
[SourceVersionDate "2016.04.26"]
[SourceQuality "1"]

1. d4 Nf6 2. c4 e6 3. Nc3 Bb4 4. Bg5 c5 5. d5 d6 6. e3 exd5 7. cxd5 Nbd7 8. Bb5
Qa5 9. Bxd7+ Nxd7 10. Nge2 f6 11. Bf4 Ne5 12. a3 Bxc3+ 13. Nxc3 O-O 14. O-O Bf5
15. e4 Bg6 16. Bxe5 fxe5 17. Qe2 Rac8 18. f3 c4 19. Qe3 Qc5 20. Qxc5 Rxc5 21.
a4 Be8 22. Kf2 Bd7 23. Ke3 Kf7 24. f4 Ke7 25. f5 Rcc8 26. Rf3 g6 27. Raf1 Rf7
28. g4 gxf5 29. exf5 Rg8 30. h3 h5 31. gxh5 Rg5 32. f6+ Kf8 33. Ne4 Rxh5 34.
Nxd6 Rfh7 35. Nxc4 Bxa4 36. Nd6 Bd7 37. Rc1 Rxh3 38. Rxh3 Bxh3 39. Rh1 Rd7 40.
Ne4 Bf5 41. Rh8+ Kf7 42. Rb8 b6 43. Ra8 a5 44. Ra6 b5 45. Nd6+ Kxf6 46. Nxb5+
Kg5 47. Nc3 Rb7 48. Rxa5 Rxb2 49. d6 Rc2 50. Ne4+ Kg6 51. Rxe5 Rc8 52. Kd4 Rc1
53. Nc3 Rc2 54. Re3 Kf7 55. Ke5 Bd7 56. Ne4 Bc6 57. Rf3+ Ke8 58. Nf6+ Kd8 59.
Rh3 Re2+ 60. Kf4 Re6 61. Rh8+ Be8 62. d7 Rxf6+ 63. Ke5 Kxd7 64. Kxf6 Kd8 65.
Ke6 1-0

[Event "China Elite Mind blitz"]
[Site "Huaian"]
[Date "2016.03.01"]
[Round "29"]
[White "Ivanchuk, Vassily"]
[Black "Ding, Liren"]
[Result "1-0"]
[WhiteElo "2710"]
[BlackElo "2766"]
[PlyCount "91"]
[EventDate "2016.02.28"]
[EventType "tourn (blitz)"]
[EventRounds "30"]
[EventCountry "CHN"]
[EventCategory "19"]
[SourceTitle "CBM 171 Extra"]
[Source "ChessBase"]
[SourceDate "2016.04.26"]
[SourceVersion "1"]
[SourceVersionDate "2016.04.26"]
[SourceQuality "1"]

1. e4 e5 2. f4 exf4 3. Bc4 Nf6 4. Nc3 c6 5. Bb3 d5 6. exd5 cxd5 7. d4 Bb4 8.
Nge2 Bg4 9. Qd3 O-O 10. O-O f3 11. gxf3 Bh5 12. Bg5 Bg6 13. Qb5 Be7 14. Bxf6
Bxf6 15. Nxd5 Nc6 16. c3 Bh4 17. Nef4 Qd6 18. Nxg6 Qxg6+ 19. Kh1 Rae8 20. Rg1
Qh6 21. Rg2 Ne7 22. Qxb7 Nf5 23. Qd7 Re6 24. Bc2 Ne3 25. Nxe3 Rxe3 26. Qf5 g6
27. Bb3 Kh8 28. Qh3 Rfe8 29. Bxf7 Rf8 30. Bd5 Rf5 31. Be4 Rh5 32. Qc8+ Kg7 33.
Qd7+ Kh8 34. Qc8+ Kg7 35. Qc7+ Kh8 36. Qb8+ Kg7 37. Qxa7+ Kh8 38. Qb8+ Kg7 39.
Rf1 Bf6 40. Qc7+ Kh8 41. Qc8+ Kg7 42. Qd7+ Kf8 43. Bd5 Be7 44. Qc8+ Kg7 45.
Qg8+ Kf6 46. Qf7# 1-0

[Event "China Elite Mind Basque"]
[Site "Huaian"]
[Date "2016.03.02"]
[Round "1.3"]
[White "Ivanchuk, Vassily"]
[Black "Ding, Liren"]
[Result "0-1"]
[WhiteElo "2710"]
[BlackElo "2766"]
[Annotator "Schulz,Andre"]
[PlyCount "62"]
[EventDate "2016.03.02"]
[EventType "swiss (rapid)"]
[EventRounds "5"]
[EventCountry "CHN"]
[SourceTitle "CBM 171 Extra"]
[Source "ChessBase"]
[SourceDate "2016.04.26"]
[SourceVersion "1"]
[SourceVersionDate "2016.04.26"]
[SourceQuality "1"]

1. e4 e5 2. Nf3 Nc6 3. Bb5 a6 4. Ba4 Nf6 5. d3 b5 6. Bb3 Bc5 7. c3 O-O 8. Bg5
h6 9. Bh4 d6 10. Nbd2 Be6 11. Qe2 {In der Mega 2016 gibt es noch 24 Partien
mit diesem Zug.} Bb6 ({Häufiger geschah} 11... Qe7 12. Bd5 Bd7) 12. O-O-O {
Lange Rochade in der Italienischen und Spanischen Partie liegt im Trend, kommt
hier aber doch überraschend.} (12. Bc2 Re8 13. h3 d5 14. g4 d4 15. Rg1 dxc3
16. bxc3 Ba5 17. Nb1 Rb8 18. a3 Nd4 19. Nxd4 exd4 20. Kf1 dxc3 21. Qf3 g5 22.
Bg3 Qd4 23. Qe3 Qxe3 24. fxe3 Nd7 25. Be1 Ne5 26. Ke2 c5 27. Nxc3 Red8 28. Nd5
Bxe1 29. Nf6+ Kg7 30. Nh5+ Kf8 31. Raxe1 a5 32. Ng3 b4 33. axb4 axb4 34. Nf5 b3
35. Bb1 b2 36. Rd1 Rb3 37. d4 Bxf5 38. gxf5 Nc4 39. Rd3 Ra3 40. Rxa3 Nxa3 41.
dxc5 Nb5 42. Kf3 Nc3 43. c6 Rc8 44. Rg2 Nxb1 45. Rxb2 Na3 46. Rb4 Rxc6 47. e5
Kg7 48. Rb8 Rc7 49. Ke4 Nc4 50. f6+ Kh7 51. Re8 Na3 52. Kf5 Nb5 53. Rd8 Rc5 54.
Rd7 Kg8 55. Rd8+ Kh7 56. Rd7 Kg8 57. Rd8+ Kh7 58. Rd7 Rc7 59. Rd8 Rc5 {1/2-1/2
(59) Paehtz,E (2493)-Ertan,C (2256) Konya 2012}) 12... Bxb3 ({Die Maschine
schlägt} 12... Bd7 $5 13. Z0 a5 14. Z0 a4 {vor.}) 13. axb3 a5 14. Kc2 b4 15.
Ra1 Qe7 16. Nc4 Qe6 17. Bxf6 {Sonst zieht der Springer weg, gefolgt von f5 und
der Lh4 steht nutzlos am Königsflügel herum und wird zum Angriffsobjekt.}
Qxf6 18. Rhd1 Qe6 19. Nh4 g6 20. g3 Rfd8 {Da sich Weiß erfolgreich gegen f5
gewehrt hat, sucht sich Schwarz einen neuen Hebel.} 21. Ng2 (21. Ne3 Bxe3 22.
Qxe3 d5 $17 (22... Rdb8 $5 $17)) 21... d5 22. exd5 Qxd5 23. f4 $6 (23. Nge3 $6
Qb5 24. Ra4 {mit nur geringer schwarzer Initiative.}) 23... exf4 24. Nxf4 Qb5
25. Rf1 $2 ({Zäher war} 25. Ra4 $5 Re8 26. Qf1 Rab8 27. Qf3) 25... a4 {
Nach diesem Vorstoß ist die Partie bald vorbei.} 26. bxa4 Rxa4 27. Nxb6 (27.
Rxa4 Qxa4+ 28. Kb1 Ra8 $19) 27... cxb6 28. d4 $2 {Zwingt zum entlastenden
Damentausch? Nein...} Nxd4+ 29. cxd4 b3+ 30. Kd2 Rdxd4+ 31. Nd3 Qa5+ 0-1

[Event "China Elite Mind Basque"]
[Site "Huaian"]
[Date "2016.03.03"]
[Round "4"]
[White "Navara, David"]
[Black "Ivanchuk, Vassily"]
[Result "1-0"]
[WhiteElo "2734"]
[BlackElo "2710"]
[Annotator "Meulders,R"]
[PlyCount "149"]
[EventDate "2016.03.02"]
[EventType "swiss (rapid)"]
[EventRounds "5"]
[EventCountry "CHN"]
[SourceTitle "CBM 172"]
[Source "ChessBase"]
[SourceDate "2016.05.12"]
[SourceVersion "1"]
[SourceVersionDate "2016.05.12"]
[SourceQuality "1"]

1. d4 e6 2. c4 f5 3. g3 Nf6 4. Bg2 Bb4+ {All that is forgotten is new. The
text move leads to the so-called Dutch Indian, combining ideas of the Dutch
with those of the Nimzo-Indian. 4...Bb4+ was a pet move of Alekhine's. It has
often been thought that the exchange of the black bishop simplifies Black's
opening problems with the bishop not being 'in the way' of the other pieces...}
5. Bd2 (5. Nc3 O-O 6. Nf3 d6 (6... b6 7. Qb3 Bxc3+ 8. Qxc3 Bb7 9. b3 d6 10. O-O
Qe7 11. Bb2 Nbd7 12. Rad1 Rae8 13. d5 e5 14. Nh4 g6 $11 {0-1 (51) David,A 
(2604)-Nakamura,H (2771) Arvier 2012}) 7. O-O Nbd7 8. Ng5 Nb6 9. Nb1 h6 10. Nh3
c5 11. a3 Ba5 12. b4 cxb4 13. Qb3 bxa3 14. Bxa3 Ne4 15. f3 Nd2 16. Nxd2 Bxd2
17. Rfd1 Ba5 (17... Bg5 18. c5 Nd5 19. e4 fxe4 20. fxe4 Nf6 21. Nxg5 hxg5 22.
e5 dxe5 23. c6 $18) 18. e4 Rf7 19. c5 Nd7 20. cxd6 $16 {1-0 (46) Gajewski,G 
(2634)-Stocek,J (2543) Germany 2013}) (5. Nd2 a5 6. Ngf3 b6 7. a3 Be7 8. Ne5
Ra7 9. e4 Bb7 10. d5 fxe4 11. Nxe4 exd5 12. Nxf6+ Bxf6 13. O-O d4 $2 (13... d6
14. Qh5+ g6 15. Nxg6 hxg6 16. Qxg6+ Kf8 17. Bxd5 Bxd5 18. cxd5 Qe7 19. Bh6+
Rxh6 20. Qxh6+ Qg7 21. Qf4 Nd7 22. Rac1 $14) 14. Bxb7 Rxb7 15. Qh5+ g6 16. Nxg6
hxg6 17. Qxg6+ Kf8 18. Re1 d5 19. Re6 Nd7 20. Bf4 {1-0 (20) Svidler,P (2763)
-Williams,S (2482) Bunratty 2008}) 5... a5 6. Nf3 b6 7. Ne5 Ra7 ({The
alternative is} 7... Ne4 {which is certainly worse, as is shown by what
follows:} 8. Bxb4 axb4 {When you look for this game on the internet, you find
8...a4?? which is of course sheer nonsense and a misprint for 8...axb4).} 9.
Nd2 Bb7 10. O-O Qe7 11. Nxe4 fxe4 12. Qc2 d5 13. cxd5 exd5 14. f3 $16 c5 15. e3
(15. fxe4 $1 cxd4 16. Rf7 Qxe5 17. Rxb7 O-O 18. Rxb6 $18) 15... O-O 16. fxe4
Nc6 17. Nxc6 Bxc6 18. dxc5 bxc5 19. Rxf8+ Rxf8 20. Rc1 {White has a big
advantage.} c4 21. Qe2 Bb5 22. Qd2 Kh8 23. exd5 Rd8 {After 24.e4 or 24.Qd4
White has an easy win. I give the rest of the game, with its mistakes, because
it has a nice conclusion:} 24. Bf1 $2 Qe4 $2 (24... Qc5) 25. Qd4 $6 (25. Rd1 $1
) 25... Qf3 26. Re1 $2 (26. e4) 26... Rc8 $2 27. Bh3 $1 Rg8 28. Rf1 Qh5 29. Be6
c3 30. Rf7 c2 31. Qxg7+ $3 {Grooten, H. (2345)-Hodgson, J. (2455) Wijk aan Zee
1985.}) 8. Nc3 Bb7 9. d5 O-O 10. O-O Bxc3 11. Bxc3 d6 12. Nd3 e5 $11 {When
Black can play this without the pawn being taken en passant, as in so many
Dutch lines, he usually has a fine position. This game is no exception.} 13. f4
e4 14. Ne1 Bc8 {Redeploying the bishop that is standing idle on b7.} 15. Nc2
Bd7 16. Nd4 Na6 17. Bh3 g6 18. b3 Nc5 19. a3 Qe7 20. Qc2 {The position is
still equal. Black now swings the other rook to the a-file...} Rfa8 21. b4 {
The only way to try and make some progress.} Na4 22. Be1 $6 ({After} 22. b5 {
the position is completely closed up with a draw as the only likely conclusion.
White is ambitious but now Black makes a bid for the initiative.}) 22... axb4
23. axb4 b5 $5 24. Nc6 $6 (24. cxb5 $1 Nxd5 25. Bd2 Kg7 26. Ra3 Nab6 27. Ra5
$11) 24... Bxc6 25. dxc6 Qe6 $5 26. cxb5 Nd5 27. Qb3 Kf7 $1 28. Bg2 Nab6 29.
Rxa7 Rxa7 30. Bc3 (30. Bd2 Nf6 31. Qxe6+ Kxe6 32. Rd1 Ra2 33. Bf1 Nfd5 $17) ({
Maybe} 30. e3 {was best here. The dark-squared white bishop should not have
been given up so lightly.}) 30... Nxc3 31. Qxc3 Qf6 $1 $15 {The control of the
a-file gives Black the edge.} 32. Qb3+ d5 {Theoretically speaking, with nearly
all of the black pawns on white squares, White has an excellent bishop, which
in addition to the extra pawn should mean an advantage. But the passivity of
the bishop and the domination of the black rook along the a-file give Black
the better chances.} 33. g4 $2 fxg4 34. h3 {Maybe White had overlooked that
Bxe4 doesn't work because of ...Qd4+. This is a rapid game after all!} Nc4 $1 (
34... h5 35. hxg4 hxg4 36. Qg3 Qf5 37. Qh4 Qh5 38. Qd8 g3 39. Re1 Qh2+ 40. Kf1
Kg7 41. Qb8 $4 (41. Qe7+ Kh6 42. Qg5+ Kh7 43. Qe7+ $11) 41... Nc4 $19) 35. b6
Ra3 $5 (35... Qd4+ $1 36. Kh1 Qxb6 37. Bxe4 (37. Qc3 Qxc6 38. f5 g5 39. Qh8 Qh6
40. Qb8 Qb6 41. Qh8 Qf6 42. Qb8 Ra6 43. Qxc7+ Qe7 44. Qc8 Rh6 45. f6 Rxf6 46.
hxg4 Rxf1+ 47. Bxf1 Qf6 $17) 37... Qd4 38. Bg2 Ne3 $19) 36. bxc7 Qxc6 37. Qd1
Ke6 $1 {Black is playing very courageously in truly Steinitzian style,
convinced the king is a strong piece.} (37... gxh3 38. c8=Q Qxc8 39. Qxd5+ Kg7
40. Bxe4 $11) 38. f5+ gxf5 39. hxg4 Qxc7 40. gxf5+ (40. Rxf5 Qa7+ 41. Kh2 Ne3
$19) 40... Ke5 $1 {Onwards! The co-ordination of the black pieces is great,
which means the king is quite safe in the centre.} 41. Qc1 Qa7+ 42. Kh1 Qe3 43.
f6 Qxc1 44. Rxc1 Ra7 $1 $19 (44... Kxf6 $2 45. Bxe4 $15) 45. Rc3 Rf7 46. Rh3
Kxf6 47. Rh5 Ne3 48. Rh3 Nf5 49. Kg1 Rb7 50. Kf2 {Black had played boldly and
accurately so far and the win should be in his pocket...} Kg5 51. Rb3 h5 $6 (
51... e3+ 52. Kg1 Rb5 53. Bh3 d4 54. Kg2 Nd6 55. Bd7 Rb7 56. Be6 Kf4 57. Bd5
Rg7+ 58. Kh3 Ne4 59. Bxe4 Kxe4 60. b5 Kd5 61. b6 Rb7 62. Rb5+ Kc4 63. Rb1 Kc5
64. Rc1+ Kxb6 65. Kg3 Rc7 66. Rb1+ Kc5 67. Kf3 Re7 {etc.}) 52. Bh3 Nd4 53. Rb2
Kf6 54. e3 Nb5 55. Rc2 Nd6 56. Rb2 Ke5 57. Bf1 Rf7+ 58. Kg1 Nf5 $19 59. Rb3 h4
(59... Rg7+ 60. Kh2 Rg3 61. b5 h4 62. Be2 Nxe3 63. Rb2 Rg8 $19) 60. b5 d4 $2 {
After playing a superb game, Ivanchuk starts losing his grip. There was no
need to go for the exchange of the weak white pawn.} (60... Rg7+ 61. Kf2 Rg3
62. b6 Rf3+ 63. Kg1 Nxe3 64. b7 Rxf1+ 65. Kh2 Rf8 66. b8=Q+ Rxb8 67. Rxb8 d4 {
and Black is winning with his eyes closed.}) 61. exd4+ Nxd4 62. Rb2 Nf3+ $17 {
Black still has a clear advantage but the win has become more complicated.} 63.
Kg2 $2 (63. Kh1 $1) 63... Kf4 $19 64. b6 h3+ $1 {Black is back on course. Of
course the pawn is invulnerable because of ...Rh7+ with mate to follow.} 65.
Kf2 h2 (65... e3+ 66. Ke2 h2 67. Bg2 Nd4+ 68. Ke1 (68. Kd3 e2 69. Kd2 Re7 $19)
68... Rg7 69. Kf1 e2+ $19) 66. Bg2 e3+ 67. Ke2 Kg3 $2 ({After} 67... Nd4+ {
we reach the same position as after the line beginning with 65...e3}) 68. Bh1
$11 {Now the outcome should be a draw.} Ne5 $2 (68... Nd4+ 69. Kxe3 Nf5+ 70.
Kd3 Rd7+ 71. Ke4 Nd6+ 72. Kd5 Nc8+ 73. Ke5 Nxb6 74. Rxb6 Rg7 $11) 69. Rb3 $1
$16 {Suddenly Black is in trouble.} Nd7 ({After} 69... Rf2+ 70. Kxe3 Nc4+ {
there's a discovered check with} 71. Kd4+) 70. b7 Nb8 71. Rxe3+ Kg4 72. Re8 $18
{Game over. How sad for Black after such a fine effort.} Na6 73. Ra8 Re7+ 74.
Kd2 Rd7+ 75. Kc1 1-0

[Event "Vladimir Petrov Memorial op"]
[Site "Jurmala"]
[Date "2016.03.05"]
[Round "3"]
[White "Fier, Alexandr"]
[Black "Ivanchuk, Vassily"]
[Result "1/2-1/2"]
[WhiteElo "2620"]
[BlackElo "2710"]
[PlyCount "58"]
[EventDate "2016.03.05"]
[EventType "swiss (rapid)"]
[EventRounds "12"]
[EventCountry "LAT"]
[SourceTitle "CBM 171 Extra"]
[Source "ChessBase"]
[SourceDate "2016.04.26"]
[SourceVersion "1"]
[SourceVersionDate "2016.04.26"]
[SourceQuality "1"]

1. d4 Nf6 2. c4 e6 3. Nc3 Bb4 4. e3 c5 5. Nge2 cxd4 6. exd4 d5 7. a3 Be7 8. Nf4
dxc4 9. Bxc4 O-O 10. O-O Bd6 11. Be3 Qc7 12. Nb5 Qxc4 13. Nxd6 Qa6 14. Nxc8
Rxc8 15. d5 Rd8 16. Qb3 Nxd5 17. Rfd1 Nc6 18. Nxd5 exd5 19. Rxd5 Rxd5 20. Qxd5
Rd8 21. Qb3 Rd3 22. Qc2 Qb5 23. h3 Qd5 24. Re1 f6 25. Qe2 h5 26. Bg5 Qe5 27.
Be3 Qd5 28. Bg5 Qe5 29. Be3 Qd5 1/2-1/2

[Event "Vladimir Petrov Memorial op"]
[Site "Jurmala"]
[Date "2016.03.05"]
[Round "6"]
[White "Ivanchuk, Vassily"]
[Black "Krivonosov, Oleg"]
[Result "1/2-1/2"]
[WhiteElo "2710"]
[BlackElo "2462"]
[PlyCount "134"]
[EventDate "2016.03.05"]
[EventType "swiss (rapid)"]
[EventRounds "12"]
[EventCountry "LAT"]
[SourceTitle "CBM 171 Extra"]
[Source "ChessBase"]
[SourceDate "2016.04.26"]
[SourceVersion "1"]
[SourceVersionDate "2016.04.26"]
[SourceQuality "1"]

1. e4 e5 2. f4 d5 3. exd5 exf4 4. Bb5+ c6 5. dxc6 Nxc6 6. d4 Nf6 7. Bxf4 Qa5+
8. Nc3 Bb4 9. Bxc6+ bxc6 10. Nge2 O-O 11. O-O Bg4 12. Qd3 Bf5 13. Qc4 Bxc2 14.
Rac1 Bg6 15. a3 Bxc3 16. Nxc3 Rac8 17. Rfe1 Qf5 18. Bd6 Rfd8 19. Bc5 Nd5 20.
Re5 Qg4 21. h3 Qg3 22. Ne2 Qd3 23. Qxd3 Bxd3 24. Nc3 a6 25. Ree1 Nxc3 26. Rxc3
Bf5 27. Bb6 Rf8 28. Re5 Be6 29. Ra5 Bd5 30. Rxa6 Rfe8 31. Rc2 Re1+ 32. Kf2 Ra1
33. Ra7 Re8 34. Rd7 h5 35. Rd8 Rxd8 36. Bxd8 f6 37. Ba5 Kf7 38. Rd2 g5 39. Bb4
h4 40. Re2 Kg6 41. Re1 Rxe1 42. Bxe1 Kf5 43. Bb4 Ke6 44. a4 Bc4 45. a5 f5 46.
Bd2 f4 47. Bb4 Kf5 48. Be7 Bb5 49. Ke1 Ba6 50. Kd2 Bf1 51. Kc3 Bxg2 52. a6 f3
53. a7 f2 54. a8=Q f1=Q 55. Qc8+ Ke4 56. Qxc6+ Kf5 57. Qc8+ Ke4 58. Qg4+ Kd5
59. Qxg5+ Ke6 60. Qe5+ Kd7 61. Qd6+ Kc8 62. Qc5+ Kd7 63. Bxh4 Qc1+ 64. Kb3 Qxc5
65. dxc5 Bxh3 66. Ka4 Kc6 67. b4 Bf1 1/2-1/2